Microsoft visual basic .net : curso de programación /
Guardado en:
| Autor Principal: | |
|---|---|
| Formato: | Libro |
| Publicado: |
México :
Alfaomega,
2008
|
| Materias: | |
| Etiquetas: |
Agregar Etiqueta
Sin Etiquetas, Sea el primero en etiquetar este registro!
|
| LEADER | 00927nam a22002055a 4500 | ||
|---|---|---|---|
| 001 | CEM.cems013545 | ||
| 005 | 20110706120435.0 | ||
| 008 | 130507s2008##################000#0#####d | ||
| 003 | CEMS | ||
| 020 | |a 9789701513705 | ||
| 082 | 0 | 4 | |a 001.642 |
| 100 | 1 | |a Ceballos Sierra, Francisco Javier | |
| 245 | 1 | 0 | |a Microsoft visual basic .net : |b curso de programación / |c Francisco Javier Ceballos Sierra |
| 260 | |a México : |b Alfaomega, |c 2008 | ||
| 300 | |a 803 p. | ||
| 505 | 0 | |a Incluye CD-ROM con Microsoft .NET Framework SDK, EDI y las aplicaciones contenidas en el libro Parte 1: Programación básica -- Parte 2: Mecanismos de abstracción -- Parte 3: Diseño y programación -- Parte 4: Apéndices: a) Entornos de desarrollo, b) .NET para Linux, c) Código de caracteres | |
| 653 | |a Computación | ||
| 653 | |a Lenguajes de programación | ||
| 653 | |a Visual basic .net | ||
| 859 | |a CEMS |b BIB. CEMS - 11 de abril |h 001.642 |i C321 |p 21164.11 |t Ej.1 | ||
